[Event "Royan op"]
[Site "Royan"]
[Date "1989.??.??"]
[Round "8"]
[White "Santo Roman, Marc"]
[Black "Vaisman, Volodia"]
[Result "1/2-1/2"]
[WhiteElo "2375"]
[BlackElo "2370"]

1.e4 c5 2.Nf3 e6 3.d4 cxd4 4.Nxd4 Nc6 5.Nb5 d6 6.c4 Nf6 7.N1c3 a6 8.Na3 Be7
9.Be2 O-O 10.O-O Ne5 11.Be3 b6 12.f4 Ned7 13.Bf3 Bb7 14.Qe2 Qc7 15.Rac1 Rac8
16.Nab1 Qb8 17.Nd2 Bc6 18.Nb3 Nc5 19.Nxc5 bxc5 20.Rce1 Nd7 21.Bc1 Bf6 22.Nd1 Bd4+
23.Kh1 Qb7 24.Nf2 Rb8 25.Nd3 e5 26.f5 f6 27.Nf2 Kf7 28.Nd1 Ke7 29.Qd3 Nb6
30.Re2 Be8 31.Rc2 Bf7 32.Be2 Nc8 33.Nc3 Na7 34.Nd5+ Bxd5 35.exd5 Nc8 36.Bd1 Nb6
37.Re2 a5 38.a4 Na8 39.b3 Nc7 40.Qh3 Rh8 41.Bd2 Na6 42.Bxa5 Nb4 43.Bxb4 Qxb4
44.Bc2 Rbg8 45.Qf3 Qc3 46.Qe4 Kd7 47.Qf3 Qxf3 48.Rxf3 Ke7 49.Rh3 Kf7 50.Re4 g5
51.Bd1 Rb8 52.g4 Bf2 53.Kg2 Bh4 54.Rd3 Rb4 55.Kf1 Ra8 56.Kg2  1/2-1/2

[Event "Salamanca"]
[Site "Salamanca"]
[Date "1989.??.??"]
[Round "?"]
[White "Sanz Alonso, Francisco Javier"]
[Black "Franco Ocampo, Zenon"]
[Result "0-1"]
[WhiteElo "2420"]
[BlackElo "2490"]

1.e4 c5 2.Nf3 e6 3.d4 cxd4 4.Nxd4 Nc6 5.Nb5 d6 6.c4 Nf6 7.N1c3 a6 8.Na3 b6
9.g4 h6 10.Bg2 Bb7 11.h4 g6 12.g5 hxg5 13.hxg5 Rxh1+ 14.Bxh1 Nd7 15.Be3 Be7
16.Qd2 Rc8 17.f4 Na5 18.Qe2 e5 19.Nd5 Bxd5 20.exd5 exf4 21.Bxf4 Kf8 22.Bf3 Bxg5
23.Bxd6+ Kg7 24.Kf1 Qf6 25.Bb4 Qf4 26.Bc3+ Bf6 27.Bxf6+ Nxf6 28.Rd1 Ng4 29.Kg1 Ne3
30.Rd3 Naxc4 31.Nxc4 Nxc4 32.Rc3 b5 33.Bg2 Rh8 34.Qf2 Qh2+ 35.Kf1 Rh4 36.Rg3 Nd2+
37.Ke1 Ne4 38.Qd4+ Kg8 39.Rh3 Qxg2  0-1

[Event "Slupsk"]
[Site "Slupsk"]
[Date "1989.??.??"]
[Round "5"]
[White "Kujawski, Adam"]
[Black "Maslanka, Robert"]
[Result "1-0"]
[WhiteElo "2270"]
[BlackElo "2315"]

1.e4 c5 2.Nf3 e6 3.d4 cxd4 4.Nxd4 Nc6 5.Nb5 d6 6.c4 Nf6 7.N1c3 a6 8.Nd4 Be7
9.Be2 O-O 10.O-O Qc7 11.Be3 Ne5 12.Rc1 b6 13.f4 Ng6 14.h4 Nxh4 15.f5 d5 16.Bf4 e5
17.Nxd5 Nxd5 18.cxd5 Bc5 19.Bg5 exd4 20.b4 d3+ 21.bxc5 dxe2 22.Qxe2 Nxf5
23.exf5 bxc5 24.f6 Bd7 25.Qh5 Bb5 26.Bf4 Qb6 27.Bc7  1-0

[Event "BUL-ch"]
[Site "Sofia"]
[Date "1989.??.??"]
[Round "7"]
[White "Donchev, Dimitar I"]
[Black "Ninov, Kiril"]
[Result "0-1"]
[WhiteElo "2505"]
[BlackElo "2490"]

1.e4 c5 2.Nf3 e6 3.d4 cxd4 4.Nxd4 Nc6 5.Nb5 d6 6.Bf4 e5 7.Be3 Nf6 8.Bg5 Be6
9.N1c3 a6 10.Bxf6 gxf6 11.Na3 d5 12.Nxd5 Bxa3 13.bxa3 Qa5+ 14.Qd2 Qxd2+ 15.Kxd2 O-O-O
16.c4 f5 17.f3 fxe4 18.fxe4 f5 19.Bd3 fxe4 20.Bxe4 Ne7 21.Ke3 Bxd5 22.cxd5 Nxd5+
23.Bxd5 Rxd5 24.Rhd1 Rxd1 25.Rxd1 Rg8 26.g3 Rg4 27.Rc1+ Kd7 28.Rb1 b5 29.Rb4 h5
30.Kf3 Rc4 31.Rb3 Ke6 32.h3 Kf5 33.Re3 e4+ 34.Kf2 Ke5 35.Re1 Rc2+ 36.Re2 Rc3
37.Re3 Rc2+ 38.Re2 Rc3 39.Re3 Rc1 40.Re1 Rc4 41.Re2 Rd4 42.Re3 Rd2+ 43.Re2 Rd3
44.Rc2 Rxa3  0-1

[Event "JUG-ch (Women)"]
[Site "Split"]
[Date "1989.??.??"]
[Round "10"]
[White "Nikolin, Zorica"]
[Black "Markovic, Gordana"]
[Result "1/2-1/2"]
[WhiteElo "2240"]
[BlackElo "2235"]

1.e4 c5 2.Nf3 Nc6 3.d4 cxd4 4.Nxd4 e6 5.Nb5 d6 6.c4 Nf6 7.N1c3 a6 8.Na3 Be7
9.Be2 O-O 10.O-O b6 11.Be3 Ne5 12.f4 Ned7 13.Bf3 Rb8 14.Qe2  1/2-1/2

[Event "Yerevan"]
[Site "Yerevan"]
[Date "1989.??.??"]
[Round "?"]
[White "Akopian, Vladimir"]
[Black "Marjanovic, Slavoljub"]
[Result "1/2-1/2"]
[WhiteElo "2520"]
[BlackElo "2490"]

1.e4 c5 2.Nf3 e6 3.d4 cxd4 4.Nxd4 Nc6 5.Nb5 d6 6.c4 Nf6 7.N1c3 a6 8.Na3 Be7
9.Be2 O-O 10.O-O b6 11.Be3 Bb7 12.Qb3 Nd7 13.Rfd1 Nc5 14.Qc2 Bf6 15.Rac1 Qc7
16.Nab1 Nb4 17.Qd2 Rad8 18.Qe1 Rfe8 19.Bf1 Nc6 20.f3 Ba8 21.Qf2 Qb8 22.b3 Rc8
23.Qd2  1/2-1/2

[Event "JUG-chT"]
[Site "Zlatibor"]
[Date "1989.??.??"]
[Round "?"]
[White "Dzevlan, Miralem"]
[Black "Paunovic, Dragan"]
[Result "0-1"]
[WhiteElo "2450"]
[BlackElo "2455"]

1.e4 c5 2.Nf3 Nc6 3.d4 cxd4 4.Nxd4 e6 5.Nb5 d6 6.c4 Nf6 7.N1c3 a6 8.Nd4 Be7
9.Be2 O-O 10.O-O Bd7 11.Nb3 Na5 12.Bf4 Nxb3 13.Qxb3 Bc6 14.f3 Qa5 15.Rfd1 Qc5+
16.Kh1 Nh5 17.Bd2 f5 18.Qc2 f4 19.b4 Ng3+ 20.hxg3 Qh5+ 21.Kg1 fxg3 22.Be3 Bg5
23.Qd3 Qh6 24.Bd4 b5 25.cxb5 e5 26.Bb6 Rfb8 27.Qxd6 Qh2+ 28.Kf1 Rxb6 29.Bc4+ Kh8
30.Qc5 Qh1+ 31.Qg1 Qxg1+ 32.Kxg1 axb5 33.Nd5 bxc4 34.Nxb6 Be3+ 35.Kf1 Bxb6
36.Rd6 Bd4 37.Rc1 Be8 38.Rxc4 Rxa2 39.Rc1 Kg8 40.Rd8 Rf2+  0-1

[Event "SWZ-ch"]
[Site "Arosa"]
[Date "1990.??.??"]
[Round "?"]
[White "Trepp, Markus"]
[Black "Kaenel, Hansjuerg"]
[Result "0-1"]
[WhiteElo "2385"]
[BlackElo "2320"]

1.e4 c5 2.Nf3 e6 3.d4 cxd4 4.Nxd4 Nc6 5.Nb5 d6 6.Bf4 e5 7.Be3 Nf6 8.Bg5 Be6
9.Bxf6 gxf6 10.Nd2 d5 11.exd5 Bxd5 12.Nc4 Be6 13.Qf3 Nb4 14.Ne3 Bc5 15.Na3 Nc6
16.Nac4 Qe7 17.Bd3 Nd4 18.Qe4 O-O-O 19.O-O-O Qc7 20.c3 Nb5 21.Be2 Nd6 22.Nxd6+ Rxd6
23.Rxd6 Qxd6 24.Rd1 Qc6 25.Bf3 Qxe4 26.Bxe4 Bxa2 27.Nd5 Bxf2 28.Rf1 Bxd5
29.Bxd5 Bh4 30.g3 Bg5+ 31.Kc2 Rd8 32.c4 Rd6 33.Kc3 Kd7 34.h4 Bh6 35.Rf5 Bg7
36.b3 Ke7 37.Kc2 b5 38.Rf1 bxc4 39.bxc4 Bh6 40.g4 Be3 41.Kd3 Bc5 42.Rf5 a5
43.g5 a4 44.gxf6+ Rxf6 45.Rxe5+ Kd6 46.Re8 a3 47.Ra8 Rf2 48.Kc3 f5 49.Ra6+ Ke5
50.Ra5 Kd6 51.Ra6+ Ke5 52.Ra5 a2 53.Kb3 Rh2 54.Bg8 Kd4 55.Bxh7 f4 56.Bg6 f3
57.Bh5 f2 58.Be2 Rh1 59.Rxa2 Re1  0-1

[Event "AUT-chT"]
[Site "Austria"]
[Date "1990.??.??"]
[Round "?"]
[White "Wittmann, Walter"]
[Black "Sinowjew, Juri"]
[Result "1/2-1/2"]
[WhiteElo "2410"]
[BlackElo "2260"]

1.e4 c5 2.Nf3 e6 3.d4 cxd4 4.Nxd4 Nc6 5.Nb5 d6 6.Bf4 e5 7.Be3 Be7 8.N1c3 Be6
9.Nd5 Bxd5 10.exd5 Nb8 11.c4 Nf6 12.Be2 O-O 13.O-O a6 14.Nc3 Nbd7 15.Rc1 Ne8
16.Qd2 h6 17.Kh1 f5 18.f4 exf4 19.Bxf4 Bg5 20.Bd3 g6 21.Ne2 Qf6 22.g4 Ng7
23.gxf5 Nxf5 24.Bxg5 Qxg5 25.Qxg5 hxg5 26.Bxf5 Rxf5 27.Rxf5 gxf5 28.Nd4 Rf8
29.Ne6 Rc8 30.Nxg5 Ne5 31.b3 b5 32.Rg1 bxc4 33.Ne4+ Kf8 34.Nxd6 Rc5 35.bxc4 f4
36.Re1 Nd3 37.Re8+ Kg7 38.Kg2 Ra5 39.Re2 Ra3 40.Re7+ Kg6 41.Re6+ Kg5 42.Nf7+ Kg4
43.h3+ Kf5 44.Nd6+ Kg5 45.Nf7+ Kf5 46.Nd6+  1/2-1/2

[Event "Baden-Baden op"]
[Site "Baden-Baden"]
[Date "1990.??.??"]
[Round "4"]
[White "Kengis, Edvins"]
[Black "Bischoff, Klaus"]
[Result "1/2-1/2"]
[WhiteElo "2545"]
[BlackElo "2530"]

1.e4 c5 2.Nf3 e6 3.d4 cxd4 4.Nxd4 Nc6 5.Nb5 d6 6.c4 Nf6 7.N5c3 Be7 8.Be2 O-O
9.O-O b6 10.Bf4 Bb7 11.Re1 Ne5 12.Nd2 a6 13.Rc1 Qc7 14.a3 Rfd8 15.Bf1 Nfd7
16.b4 Rac8 17.Qe2 Qb8 18.Bg3 Ba8 19.h3 Re8 20.Kh1  1/2-1/2

[Event "Barcelona Vulca"]
[Site "Barcelona"]
[Date "1990.??.??"]
[Round "4"]
[White "Westerinen, Heikki MJ"]
[Black "Cramling, Pia"]
[Result "1/2-1/2"]
[WhiteElo "2475"]
[BlackElo "2470"]

1.e4 c5 2.Nf3 e6 3.d4 cxd4 4.Nxd4 Nc6 5.Nb5 d6 6.Bf4 e5 7.Be3 a6 8.N5c3 Nf6
9.Bc4 Be7 10.Nd5 Nxd5 11.Bxd5 O-O 12.Na3 Kh8 13.O-O f5 14.exf5 Bxf5 15.c3 Qe8
16.Nc4 Rb8 17.a4 Qg6 18.Re1 Bd3 19.b4 Bh4 20.Nb2 Bc2 21.Qe2 Ne7 22.Bf3 Bf5
23.g3 Bg5 24.Bxg5 Qxg5 25.Nc4 Bh3 26.Nxd6 Qf6 27.Ne4 Qxf3 28.Qxf3 Rxf3 29.Ng5 Rxc3
30.Nxh3 Nc6 31.Ng5 Nxb4 32.Rxe5 Nc6 33.Rd5 b5 34.axb5 axb5 35.Ne4 Rc2 36.Rc5 Rxc5
37.Nxc5 h6 38.Kf1 Rd8 39.Ra6 Nd4 40.Ne6 Nxe6  1/2-1/2

[Event "Belgrade-A"]
[Site "Belgrade"]
[Date "1990.??.??"]
[Round "5"]
[White "Zakic, Srdjan"]
[Black "Kirov, Nino"]
[Result "1/2-1/2"]
[WhiteElo "2355"]
[BlackElo "2445"]

1.e4 c5 2.Nf3 e6 3.d4 cxd4 4.Nxd4 Nc6 5.Nb5 d6 6.c4 Nf6 7.N1c3 a6 8.Na3 Be7
9.Be2 b6 10.O-O Bb7 11.Be3 Nb8 12.f3 Nbd7 13.Kh1 O-O 14.Qd2 Qc7 15.Rac1 Rac8
16.Rfd1 Qb8 17.Bf1 Rfe8 18.Nc2  1/2-1/2

[Event "Budapest Herbstlich"]
[Site "Budapest"]
[Date "1990.??.??"]
[Round "5"]
[White "Zakic, Srdjan"]
[Black "Bricard, Emmanuel"]
[Result "1/2-1/2"]
[WhiteElo "2425"]
[BlackElo "2385"]

1.e4 c5 2.Nf3 e6 3.d4 cxd4 4.Nxd4 Nc6 5.Nb5 d6 6.c4 Nf6 7.N1c3 a6 8.Na3 b6
9.Be2 Bb7 10.O-O Nb8 11.f3 Nbd7 12.Bf4 Qc7 13.Qd2 Be7 14.Rfd1 Ne5 15.Rac1 O-O
16.Bf1 Rac8 17.Be3 Ned7 18.Qf2 Bd8 19.Kh1  1/2-1/2

[Event "Utasellato IM-B"]
[Site "Budapest"]
[Date "1990.??.??"]
[Round "9"]
[White "Somlai, Laszlo"]
[Black "Horvath, Zoltan"]
[Result "1-0"]
[WhiteElo "2340"]
[BlackElo "2345"]

1.e4 c5 2.Nf3 e6 3.d4 cxd4 4.Nxd4 Nc6 5.Nb5 d6 6.Bf4 e5 7.Be3 Nf6 8.Bg5 Qa5+
9.Qd2 Nxe4 10.Qxa5 Nxa5 11.Be3 Kd7 12.N1c3 Nxc3 13.Nxc3 b6 14.O-O-O Bb7 15.f4 f6
16.fxe5 fxe5 17.Be2 Be7 18.b4 Nc6 19.Bg4+ Kd8 20.Nb5 Nd4 21.Bxd4 exd4 22.Rxd4 Bxg2
23.Rg1 Bc6 24.Nxd6 Kc7 25.Nf5 Bf6 26.Rc4 b5 27.Rc5 Kb6 28.a4 bxa4 29.Rd1 Rhd8
30.Nd6 Be7 31.Nc4+ Kc7 32.Rxd8 Rxd8 33.Ra5 Bxb4 34.Rxa7+ Kb8 35.Ra6 Bb7 36.Rb6 Bc5
37.Rb5 Rd5 38.Kb1 Bd4 39.Rb4 Kc7 40.Bf3 Bc5 41.Rxb7+  1-0

[Event "Cannes op"]
[Site "Cannes"]
[Date "1990.??.??"]
[Round "1"]
[White "Santo Roman, Marc"]
[Black "Tournier, P."]
[Result "1/2-1/2"]
[WhiteElo "2380"]
[BlackElo "2150"]

1.e4 c5 2.Nf3 Nc6 3.d4 cxd4 4.Nxd4 e6 5.Nb5 d6 6.c4 Nf6 7.N1c3 a6 8.Na3 Be7
9.Be2 O-O 10.O-O b6 11.Be3 Ne5 12.f4 Ned7 13.Bf3 Bb7 14.Qe2 Qc7 15.Rad1 Rac8
16.g4 d5 17.exd5 Bxa3 18.dxe6 Bxf3 19.Qxf3 fxe6 20.bxa3 Qxc4 21.Bd4 Nd5 22.Nxd5 exd5
23.Rf2 Nc5 24.f5 Ne4 25.Rb2 b5 26.Qf4 h6 27.Qe5 Rf7 28.Rg2 Re7 29.Qf4 Ng5
30.Qg3 Re2 31.h4 Qc2 32.Rf1 Ne4 33.Qf3 Rxg2+ 34.Qxg2 Qd3 35.Be5 Rc2 36.Qf3 Qxf3
37.Rxf3 Rxa2 38.Rd3 Rd2 39.Rb3 Nf6 40.g5 hxg5 41.hxg5 Ne4 42.a4 Rf2 43.axb5 axb5
44.Rxb5 Rxf5 45.Rxd5 Rxg5+ 46.Kh2 Kh7 47.Ra5 Nf6  1/2-1/2

[Event "Catania op"]
[Site "Catania"]
[Date "1990.??.??"]
[Round "?"]
[White "Belotti, Bruno"]
[Black "Tompa, Janos"]
[Result "1/2-1/2"]
[WhiteElo "2415"]
[BlackElo "2420"]

1.e4 c5 2.Nf3 e6 3.d4 cxd4 4.Nxd4 Nc6 5.Nb5 d6 6.c4 a6 7.N5c3 Nf6 8.Be2 b6
9.O-O Bb7 10.Be3 Be7 11.Na3 Nb8 12.f3 Nbd7 13.Qd2 O-O 14.Rfd1 Rc8 15.Rac1 Qc7
16.Bf1 Qb8 17.Nab1 Rfe8 18.b3 d5 19.cxd5 exd5 20.Nxd5 Nxd5 21.Rxc8 Rxc8 22.exd5 Bd6
23.g3 Nf6 24.Bg5 Bc5+ 25.Kg2 Rd8 26.Bxf6 gxf6 27.Bd3 Kg7 28.Be4 Qe5 29.Qc3 Qh5
30.Qd3 Bc8 31.f4 Bg4 32.Bf3 Re8 33.Bxg4 Qxg4 34.Rd2 Re3 35.Qf1 Qf5 36.d6 Qe4+
37.Kh3 Qf5+ 38.Kg2 Qe4+ 39.Kh3 Re1 40.Qd3 Qxd3 41.Rxd3 Rxb1 42.d7 Be7 43.d8=Q Bxd8
44.Rxd8 Rb2 45.Rd6 Rxa2 46.Rxb6  1/2-1/2

[Event "JUG-chT Cetinje"]
[Site "Cetinje"]
[Date "1990.??.??"]
[Round "2"]
[White "Zupe, Miran"]
[Black "Krnic, Zdenko"]
[Result "1/2-1/2"]
[WhiteElo "2330"]
[BlackElo "2450"]

1.e4 c5 2.Nf3 Nc6 3.d4 cxd4 4.Nxd4 e6 5.Nb5 d6 6.c4 Nf6 7.N1c3 a6 8.Na3 Be7
9.Be2 O-O 10.O-O Rb8 11.Be3 Bd7 12.Qb3 Qa5 13.Bb6 Qb4 14.Rfd1 Rfc8 15.Nc2 Qxb3
16.axb3 Be8 17.f3 Ne5 18.Ba7 Ra8 19.Bd4 Nfd7 20.f4 Nc6 21.Be3 Rc7 22.Nb5 Rcc8
23.Nxd6 Bxd6 24.Rxd6 e5 25.f5 Nf6 26.Bf3 b5 27.cxb5 axb5 28.Rxa8 Rxa8 29.g4 h6
30.h4 Ra2 31.Bc1 Kf8 32.g5 hxg5 33.hxg5 Ke7 34.gxf6+ Kxd6 35.fxg7 Ne7 36.Bd2 Ng8
37.Bb4+ Kd7 38.Ba3 f6 39.Be2 Kd8 40.Kf2 Bf7 41.Bxb5 Bxb3 42.Nb4 Ra1 43.Nd5 Rh1
44.Bd6 Rh7 45.Bf8 Rh2+ 46.Ke3 Rxb2 47.Be2 Ba2 48.Bh5 Rb3+ 49.Kd2 Rb7 50.Bg6 Rd7
51.Bh7 Bxd5 52.exd5 Rxd5+ 53.Ke3 Nh6 54.g8=Q Nxg8 55.Bxg8 Rd4 56.Be6 Ke8
57.Bc5 Rf4 58.Kd3 Rh4 59.Kc3 Rf4 60.Kd3 Rh4 61.Be3 Ke7  1/2-1/2

[Event "Dieren op"]
[Site "Dieren"]
[Date "1990.??.??"]
[Round "1"]
[White "Heintze, Marion"]
[Black "Langeweg, Kick"]
[Result "0-1"]
[WhiteElo "2250"]
[BlackElo "2420"]

1.e4 c5 2.Nf3 e6 3.d4 cxd4 4.Nxd4 Nc6 5.Nb5 d6 6.c4 Nf6 7.N1c3 a6 8.Na3 Be7
9.Be2 O-O 10.O-O b6 11.Be3 Ne5 12.f3 Re8 13.Rc1 Bb7 14.Qe1 Rb8 15.Qf2 Ned7
16.Rfd1 Qc7 17.Nc2 Rbc8 18.Nd4 Qb8 19.Qg3 Ne5 20.b3 Ng6 21.Qf2 Bd8 22.Bf1 Bc7
23.g3 Ne5 24.Bh3 h6 25.Qe2 Ned7 26.Qf2 Qa8 27.Nde2 Qb8 28.Nd4 Rcd8 29.Nde2 Ba8
30.Nd4 Ne5 31.Qe2 Ng6 32.Qf2 Qb7 33.Bg2 Ne5 34.Rc2 Qb8 35.Rcc1 Rc8 36.Bh3 Qb7
37.Qe2 Ned7 38.Bg2 Qb8 39.Bh3 Rcd8 40.Qf2 Ne5 41.Qe2 Ned7 42.Qf2 Bb7 43.Rc2 Rc8
44.Rcc1 Bd8 45.Nde2 Be7 46.Nd4 Bf8 47.Rc2 Ba8 48.Rdc1 Rcd8 49.Rd1 Ne5 50.Qe2 Ng6
51.Qf2 d5 52.cxd5 exd5 53.exd5 Nxd5 54.Nxd5 Rxd5 55.Bf5 Rde5 56.Rc3 Qd6 57.Rcd3 Qf6
58.Bxg6 Qxg6 59.Nc2 Qc6 60.Nd4 Qf6 61.Bf4 Rd5 62.Nc2  0-1

[Event "Dieren op"]
[Site "Dieren"]
[Date "1990.??.??"]
[Round "3"]
[White "Heintze, Marion"]
[Black "Osterman, Rudolf"]
[Result "1/2-1/2"]
[WhiteElo "2250"]
[BlackElo "2375"]

1.e4 c5 2.Nf3 e6 3.d4 cxd4 4.Nxd4 Nc6 5.Nb5 d6 6.Bf4 e5 7.Be3 h6 8.N1c3 Nf6
9.a4 a6 10.Na3 Be6 11.Nc4 Bxc4 12.Bxc4 Rc8 13.Ba2 Be7 14.O-O O-O 15.Qe2 Qa5
16.Nd5 Nxd5 17.Bxd5 Qc7 18.c3 Na5 19.Rfd1 Nc4 20.Bxc4 Qxc4 21.Qxc4 Rxc4 22.f3 f5
23.exf5 Rxf5 24.Rd3 Kf7 25.b3 Rc6 26.c4 Ke6 27.Rd5 Rf8 28.Re1 g5 29.h3 Bd8
30.a5 b6 31.axb6 Bxb6 32.Bxb6 Rxb6 33.Red1 Rc8 34.R1d3 h5 35.Kf2 h4 36.Ke3 Rcb8
37.Ke4 a5 38.Ke3 Kf5 39.Kf2 Rxb3 40.Rxb3 Rxb3 41.Rxd6 Rb2+ 42.Kg1 a4 43.Ra6 Ra2
44.c5 a3 45.Kh2 Rc2  1/2-1/2

[Event "Dieren op"]
[Site "Dieren"]
[Date "1990.??.??"]
[Round "4"]
[White "Pirisi, Gabor"]
[Black "Van Mil, Johannes A J"]
[Result "1-0"]
[WhiteElo "2385"]
[BlackElo "2445"]

1.e4 c5 2.Nf3 e6 3.d4 cxd4 4.Nxd4 Nc6 5.Nb5 d6 6.c4 Nf6 7.N1c3 a6 8.Na3 b6
9.Be2 Bb7 10.O-O Nb8 11.f3 Nbd7 12.Be3 Be7 13.Nc2 O-O 14.a4 Rc8 15.Nd4 Re8
16.Nb3 Ne5 17.Qd4 Nfd7 18.f4 Nc6 19.Qd1 Na5 20.Nd2 d5 21.cxd5 exd5 22.Nxd5 Bxd5
23.exd5 Bb4 24.Rf3 Rxe3 25.Rxe3 Bc5 26.Nf1 Qf6 27.Kh1 Bxe3 28.Nxe3 Qxf4 29.Bxa6 Rd8
30.Qf3 Qb4 31.Rf1 Nf6 32.Qg3 Qxb2 33.Nf5 g6 34.Qg5 Kh8 35.Ng3 Rd6 36.Qf4 Qa3
37.Qe5 Kg7 38.Ne4 Qe3 39.Rxf6  1-0

[Event "Eger Agria"]
[Site "Eger"]
[Date "1990.??.??"]
[Round "?"]
[White "Madl, Ildiko"]
[Black "Sinowjew, Juri"]
[Result "1-0"]
[WhiteElo "2390"]
[BlackElo "2260"]

1.e4 c5 2.Nf3 e6 3.d4 cxd4 4.Nxd4 Nc6 5.Nb5 d6 6.Bf4 e5 7.Be3 a6 8.N5c3 Nf6
9.Na3 Rb8 10.Nd5 Nxd5 11.exd5 Ne7 12.c3 Nf5 13.Bd2 Be7 14.g3 O-O 15.Bg2 Bg5
16.O-O Bxd2 17.Qxd2 Nh6 18.b4 Bd7 19.Rfe1 f6 20.Nc4 Qc7 21.Na5 Kh8 22.Rac1 Ba4
23.c4 b6 24.Nc6 Bxc6 25.dxc6 Nf5 26.c5 dxc5 27.bxc5 Nd4 28.cxb6 Qxb6 29.Qd3 Rbc8
30.Qa3 Rf7 31.Rb1 Nb5 32.Qb2 Qa7 33.a4 Nd4 34.Qb6 Qxb6 35.Rxb6 Rfc7 36.Reb1 Kg8
37.Rb7 Kf8 38.Rxc7 Rxc7 39.Rb7 Rc8 40.Bd5 Nxc6 41.Rf7+ Ke8 42.Rxg7 Ne7 43.Bb7 Rc1+
44.Kg2 a5 45.Rxh7 Rc4 46.Ba6 Rc7 47.Rh8+ Kf7 48.Ra8 Nc6 49.Rc8 Rxc8 50.Bxc8 Nd4
51.g4 Kg6 52.h4 Kh6 53.Ba6 f5 54.gxf5 Nxf5 55.Kh3 Nd4 56.Kg4 Kg6 57.Bd3+ Kf6
58.Be4 Ne6 59.f3 Nc5 60.Bc2 Nb7 61.h5 Nd6 62.h6 Nf7 63.h7 Nh8 64.Kg3 Kg5
65.Kf2 Kh6 66.Ke3 Nf7 67.Bb3 Nh8 68.Ke4 Kxh7 69.Kxe5 Kg7 70.Kd6  1-0

[Event "Espoo"]
[Site "Espoo"]
[Date "1990.??.??"]
[Round "8"]
[White "Nokso Koivisto, A."]
[Black "Kochyev, Alexander"]
[Result "1/2-1/2"]
[WhiteElo "2380"]
[BlackElo "2450"]

1.e4 c5 2.Nf3 e6 3.d4 cxd4 4.Nxd4 Nc6 5.Nb5 d6 6.c4 a6 7.N5c3 Nf6 8.Be2 Be7
9.O-O O-O 10.Be3 b6 11.Nd2  1/2-1/2

[Event "FIN-chT"]
[Site "?"]
[Date "1990.??.??"]
[Round "?"]
[White "Ristoja, Thomas W"]
[Black "Pulkkinen, Kari"]
[Result "1/2-1/2"]
[WhiteElo "2245"]
[BlackElo "2285"]

1.e4 c5 2.Nf3 e6 3.d4 cxd4 4.Nxd4 Nc6 5.Nb5 d6 6.c4 Nf6 7.N1c3 a6 8.Na3 Be7
9.Be2 O-O 10.O-O b6 11.Be3 Ne5 12.Qb3 Ned7 13.Rfd1 Qc7 14.Rac1 Bb7 15.f3 Nc5
16.Qc2 Rfe8 17.Bf2 Rac8  1/2-1/2

[Event "Arnold Cup"]
[Site "Gausdal"]
[Date "1990.??.??"]
[Round "7"]
[White "McDonald, Neil R"]
[Black "Engqvist, Thomas"]
[Result "0-1"]
[WhiteElo "2360"]
[BlackElo "2335"]

1.e4 c5 2.Nf3 e6 3.d4 cxd4 4.Nxd4 Nc6 5.Nb5 d6 6.Bf4 e5 7.Be3 Nf6 8.Nd2 a6
9.Nc3 h6 10.Nc4 b5 11.Nb6 Rb8 12.Nxc8 Qxc8 13.a4 b4 14.Nd5 Nxd5 15.Qxd5 Be7
16.h4 O-O 17.Rh3 Nd4 18.Bxd4 exd4 19.Bc4 a5 20.Rf3 Bf6 21.Rf5 Qc7 22.Bb3 d3
23.cxd3 Bxb2 24.Rb1 Be5 25.Ke2 g6 26.Rf3 h5 27.Rg1 Qc5 28.Qxc5 dxc5 29.g4 hxg4
30.Rxg4 Kg7 31.Rf5 Bd4 32.f4 Rbd8 33.h5 Kh6 34.Rxf7 Rxf7 35.Bxf7 gxh5 36.Rh4 Rf8
37.Bb3 Bf6 38.Rh3 Bb2 39.f5 Kg5 40.Kf3 Be5 41.Rh1 h4 42.Rg1+ Kh5 43.Rg6 Rf6
44.Rg8 Rd6 45.Ke3 h3 46.Bd1+ Kh6 47.Bf3 b3 48.Ke2 Rb6 49.Rg1 b2 50.Rb1 Rb4
51.Kd2 Rxa4 52.Bg4 h2 53.d4 Rxd4+ 54.Kc2 Rxe4 55.Bf3 Rf4 56.Bb7  0-1

[Event "Hamburg IMT"]
[Site "Hamburg"]
[Date "1990.??.??"]
[Round "7"]
[White "Holzke, Frank"]
[Black "Tompa, Janos"]
[Result "1/2-1/2"]
[WhiteElo "2395"]
[BlackElo "2420"]

1.e4 c5 2.Nf3 e6 3.d4 cxd4 4.Nxd4 Nc6 5.Nb5 d6 6.c4 Nf6 7.N1c3 a6 8.Na3 Be7
9.Be2 b6 10.O-O Bb7 11.f4 Nb8 12.Bf3 Nbd7 13.Be3 O-O 14.Rc1 Qc7 15.Nab1 Rac8
16.Nd2 Qb8 17.g4 Rfd8 18.g5 Ne8 19.Qe2 Bf8 20.Bg2 Nc7 21.a3 d5 22.cxd5 exd5
23.Nxd5 Nxd5 24.exd5 Re8 25.b4 a5 26.Qb5 Rxe3 27.Qxd7 Re2 28.Nc4 Rxg2+ 29.Kxg2 Rd8
30.Qg4 Rxd5 31.Kg1 axb4 32.axb4 Bxb4 33.Ne5 Bc5+ 34.Rxc5 bxc5 35.Qf5 Qc7
36.Rb1 Ba8 37.g6 hxg6 38.Rb8+ Qxb8 39.Qxf7+ Kh8 40.Nxg6+ Kh7 41.Nf8+ Kh8
42.Ng6+ Kh7  1/2-1/2

[Event "Hastings Challengers9091"]
[Site "Hastings"]
[Date "1990.??.??"]
[Round "?"]
[White "Gallagher, Joseph G"]
[Black "Suetin, Alexey S"]
[Result "0-1"]
[WhiteElo "2495"]
[BlackElo "2360"]

1.e4 c5 2.Nf3 e6 3.d4 cxd4 4.Nxd4 Nc6 5.Nb5 d6 6.c4 Nf6 7.N1c3 a6 8.Na3 Be7
9.Be2 O-O 10.O-O b6 11.Be3 Ne5 12.f4 Ned7 13.Bf3 Bb7 14.Qe2 Qc7 15.Rac1 Rfe8
16.Rfd1 Rac8 17.g4 h6 18.h4 Nh7 19.Qh2 g5 20.hxg5 hxg5 21.f5 Bf8 22.Kf2 Ndf6
23.Rh1 Bg7 24.Qg2 Qe7 25.Rce1 exf5 26.exf5 Bxf3 27.Qxf3 Ne4+ 28.Nxe4 Qxe4
29.Qxe4 Rxe4 30.Kf3 Rce8 31.b3 Bc3 32.Re2 Nf6 33.Nc2 d5 34.Rg2 dxc4 35.Bxg5 cxb3
36.axb3 Nd7 37.Rgh2 Bg7 38.Rd1 Nf6 39.Bf4 Nh7 40.g5 Rxf4+ 41.Kxf4 Be5+ 42.Kg4 Bxh2
43.Rd4 Bg1 44.Rd2 Bc5 45.Kh5 Re5 46.Rd8+ Nf8 47.Kg4 Re2  0-1

[Event "Helsinki"]
[Site "Helsinki"]
[Date "1990.??.??"]
[Round "2"]
[White "Rantanen, Yrjo A"]
[Black "Paavilainen, Jorma"]
[Result "1-0"]
[WhiteElo "2405"]
[BlackElo "2280"]

1.e4 c5 2.Nf3 e6 3.d4 cxd4 4.Nxd4 Nc6 5.Nb5 d6 6.c4 Nf6 7.N5c3 Be7 8.Be2 O-O
9.a3 b6 10.f4 Bb7 11.b3 Rc8 12.Bf3 Nb8 13.Ra2 a6 14.g4 Qc7 15.g5 Nfd7 16.Be3 b5
17.cxb5 axb5 18.b4 Bc6 19.Rg2 Rfe8 20.O-O Bf8 21.Qd3 Nb6 22.Nxb5 Bxb5 23.Qxb5 N8d7
24.Kh1 Qa7 25.Bg1 Rc7 26.f5 Qa4 27.Qxa4 Nxa4 28.Bd1 Ra8 29.fxe6 fxe6 30.Bb3 Ne5
31.Bxe6+ Kh8 32.Bd4 Be7 33.Bb3 Nc6 34.Rc2  1-0

[Event "Helsinki"]
[Site "Helsinki"]
[Date "1990.??.??"]
[Round "7"]
[White "Paavilainen, Jorma"]
[Black "Krnic, Zdenko"]
[Result "1-0"]
[WhiteElo "2280"]
[BlackElo "2450"]

1.e4 c5 2.Nf3 Nc6 3.d4 cxd4 4.Nxd4 e6 5.Nb5 d6 6.c4 a6 7.N5c3 Nf6 8.Be2 Be7
9.Be3 O-O 10.O-O Rb8 11.a3 Bd7 12.Nd2 Ne5 13.Ba7 Rc8 14.f4 Ng6 15.Qb3 Bc6
16.Bb6 Qe8 17.Rae1 Nd7 18.Be3 Bf6 19.Bd3 Qd8 20.Qd1 Bxc3 21.bxc3 Qa5 22.Qc2 Ba4
23.Qb2 Nc5 24.Bb1 Rfe8 25.Kh1 Qc7 26.Rf3 e5 27.f5 Nf4 28.Ref1 Nfd3 29.Bxd3 Nxd3
30.Qb1 Nc5 31.f6 g6 32.Qe1 Bd7 33.Qh4 h5 34.Rg3 Bg4 35.Rxg4 hxg4 36.Bxc5 Re6
37.Be3 Qd8 38.Bh6 Rxf6 39.Qxf6 Qxf6 40.Rxf6  1-0

[Event "Helsinki"]
[Site "Helsinki"]
[Date "1990.??.??"]
[Round "11"]
[White "Osterman, Georg"]
[Black "Krnic, Zdenko"]
[Result "1/2-1/2"]
[WhiteElo "2305"]
[BlackElo "2450"]

1.e4 c5 2.Nf3 Nc6 3.d4 cxd4 4.Nxd4 e6 5.Nb5 d6 6.Bf4 e5 7.Be3 a6 8.N5c3 Nf6
9.Bc4 Be7 10.Nd5 Nxd5 11.Bxd5 O-O 12.Nc3 Kh8 13.O-O Bg5 14.Qh5 f6 15.Bb3 g6
16.Qe2 Nd4 17.Qd2 Bg4 18.f4 Nxb3 19.axb3 Bh6 20.h3 Be6 21.Rad1 exf4 22.Bxf4 Qb6+
23.Kh1 Bxf4 24.Qxf4 Rad8 25.Nd5 Bxd5 26.Rxd5 Qc6 27.Qd2 Kg7 28.c4 Rde8 29.Qd4 Rf7
30.Rd1 Re6 31.b4 Rfe7 32.Rf1 Rf7 33.b3 Qe8 34.Re1 Rfe7 35.Rxd6 Rxd6 36.Qxd6 Rxe4
37.Qc7+ Kg8 38.Rxe4 Qxe4 39.b5 axb5 40.Qd8+ Kf7 41.Qd7+ Kf8 42.Qxb5 h5 43.Qc5+ Kf7
44.b4 h4 45.Qc7+ Ke6 46.Qb6+ Kd7 47.Qc5 Qc6 48.Qa5 g5  1/2-1/2

[Event "HUN-ch (Women)"]
[Site "?"]
[Date "1990.??.??"]
[Round "3"]
[White "Madl, Ildiko"]
[Black "Sziva, Erika"]
[Result "1-0"]
[WhiteElo "2375"]
[BlackElo "2260"]

1.e4 c5 2.Nf3 e6 3.d4 cxd4 4.Nxd4 Nc6 5.Nb5 d6 6.Bf4 e5 7.Be3 a6 8.N5c3 Nf6
9.Na3 Rb8 10.Nd5 Nxd5 11.exd5 Ne7 12.b4 Nf5 13.Bd2 Be7 14.g3 O-O 15.Bg2 Bg5
16.O-O h6 17.Nc4 Bd7 18.Na5 Bxd2 19.Qxd2 Rc8 20.Nxb7 Qc7 21.Na5 Qxc2 22.Qxc2 Rxc2
23.Be4 Rc3 24.Rfc1 Nd4 25.Kg2 Rfc8 26.Nc6 Rxc1 27.Rxc1 Kf8 28.a3 a5 29.bxa5 f5
30.Bd3 Bxc6 31.dxc6 e4 32.Bf1 Rxc6 33.Rd1 Nf3 34.a6 Ke7 35.a7 Rc8 36.Rc1 Ra8
37.Rc7+ Kf6 38.Bc4 Ke5 39.Rxg7 d5 40.Bb5 Kd6 41.a4 Ne5 42.Kf1 d4 43.h3 Nf3
44.Rd7+ Kc5 45.Rc7+ Kb6 46.Rc6+ Kxa7 47.Ra6+ Kb7 48.Rxa8 Kxa8 49.Bd7 e3 50.Bxf5 Ka7
51.Bg4 Ne5 52.Ke1 Ka6 53.Bf5  1-0

[Event "Kherson"]
[Site "Kherson"]
[Date "1990.??.??"]
[Round "?"]
[White "Ginsburg, Gennadij"]
[Black "Karpman, Vadim"]
[Result "1/2-1/2"]
[WhiteElo "2280"]
[BlackElo "2480"]

1.e4 c5 2.Nf3 Nc6 3.d4 cxd4 4.Nxd4 e6 5.Nb5 d6 6.c4 Nf6 7.N1c3 a6 8.Na3 Be7
9.Be2 O-O 10.O-O b6 11.Be3 Ne5 12.Rc1 Bb7 13.f3 Qc7 14.Qe1 Rac8 15.Qf2 Ned7
16.Kh1 Bd8 17.Nab1 Qb8 18.Nd2 Bc7 19.b4 d5 20.exd5 exd5 21.c5 bxc5 22.bxc5 Bf4
23.Nb3 d4 24.Bxf4 Qxf4 25.Qxd4 Qxd4 26.Nxd4 Rxc5 27.Nb3 Rg5 28.Kg1 Re8 29.Kf2 Nc5
30.Rfd1 Rf5 31.Nxc5 Rxc5 32.Na4 Ra5 33.Rd4 Bd5 34.Rc5  1/2-1/2